书目信息 |
| 题名: |
Hi,我的鸟儿朋友
|
|
| 作者: | 洪琳 , 邢泓静 主编 | |
| 分册: | ||
| 出版信息: | 广州 广东科技出版社 2014 |
|
| 页数: | 226页 | |
| 开本: | 22cm | |
| 丛书名: | ||
| 单 册: | ||
| 中图分类: | Q959.7 | |
| 科图分类: | ||
| 主题词: | ||
| 电子资源: | ||
| ISBN: | 978-7-5359-5958-4 | |
| 000 | 00953nam0 2200265 450 | |
| 001 | 012015000034 | |
| 005 | 20151130092218.46 | |
| 010 | @a978-7-5359-5958-4@dCNY39.80 | |
| 100 | @a20150310d2014 cemy0chiy50 ea | |
| 101 | 0 | @achi |
| 102 | @aCN@b440000 | |
| 105 | @aa z 001yy | |
| 106 | @ar | |
| 200 | 1 | @aHi,我的鸟儿朋友@AHi,wo de niao er peng you@dHi, my bird friends@e观鸟小达人养成记@zeng@f洪琳,邢泓静主编 |
| 210 | @a广州@c广东科技出版社@d2014 | |
| 215 | @a226页@c彩图,彩照@d22cm | |
| 330 | @a本书作者记述了野外观鸟的过程和心历。内容包括:公园绿地的阳光精灵、田野郊区的婉转歌者、河海湿地的跳动音符三部分。 | |
| 510 | 1 | @aHi, my bird friends@zeng |
| 517 | 1 | @a观鸟小达人养成记@Aguan niao xiao da ren yang cheng ji |
| 610 | 0 | @a鸟类@a介绍@a中国@a少年读物 |
| 690 | @aQ959.7@v5 | |
| 701 | 0 | @a洪琳@Ahong lin@c(女)@4主编 |
| 701 | 0 | @a邢泓静@Axing hong jing@4主编 |
| 801 | 0 | @aCN@b碧洲教育@c20151127 |
| 905 | @a10447@f4@dQ959.7@e154 | |
| Hi,我的鸟儿朋友=Hi, my bird friends:观鸟小达人养成记/洪琳,邢泓静主编.-广州:广东科技出版社,2014 |
| 226页:彩图,彩照;22cm |
| ISBN 978-7-5359-5958-4:CNY39.80 |
| 本书作者记述了野外观鸟的过程和心历。内容包括:公园绿地的阳光精灵、田野郊区的婉转歌者、河海湿地的跳动音符三部分。 |
| ● |
| 相关链接 |
|
|
|
|
正题名:Hi,我的鸟儿朋友
索取号:Q959.7/154
 
预约/预借
| 序号 | 登录号 | 条形码 | 馆藏地/架位号 | 状态 | 备注 |
| 1 | 0871689 | 208716898 | 第二样本阅览室/ [索取号:Q959.7/154] | 在馆 | |
| 2 | 0871690 | 208716905 | 第三借阅区/ [索取号:Q959.7/154] | 在馆 | |
| 3 | 0871691 | 208716914 | 第三借阅区/ [索取号:Q959.7/154] | 在馆 | |
| 4 | 0871692 | 208716923 | 第三借阅区/ [索取号:Q959.7/154] | 在馆 |